| 000 | 00840nam a22002297a 4500 | ||
|---|---|---|---|
| 999 |
_c13861 _d13861 |
||
| 003 | AR-CdUCM | ||
| 008 | 190306b ||||| |||| 00| 0 spa d | ||
| 020 | _a978-612-46549-0-9 | ||
| 040 |
_aMUNICIPALIDAD PROVINCIAL DEL CUSCO _cBIBLIOTECA MUNICIPAL DEL CUSCO |
||
| 082 |
_a498 / _bAC168 / _24ed. |
||
| 110 |
_aAcademia mayor de la lengua quechua / _97946 |
||
| 245 |
_aSimi taqe : _bDiccionario quechua - español - quechua / |
||
| 260 |
_aCusco : _bRepresentaciones generales y servicios americanos, _c2013.. |
||
| 300 |
_a483 paginas ; _c27 cm. |
||
| 500 | _aQheswa simi hamut´ana kurak suntur / Academia mayor de la lengua quechua | ||
| 505 | _aContenido : Diccionario. | ||
| 650 |
_aDiccionario _95196 |
||
| 650 |
_aQuechua - Español _910875 |
||
| 650 |
_aSimi taqe _910876 |
||
| 942 |
_2ddc _cLIBROS |
||
| 945 |
_awnts _d2019-04-16 |
||